00229nam a2200085Ia 450000100070000000500170000700800410002424500540006526000240011970618520250826162444.0250824s9999 xx 000 0 und d 0aFEDAİLERİN KALESİ ALAMUTcVLADEMİR BARTOL bKORİDOR YAYINLARI